Umweltanalyse für eine Alpenregion als Grundlage der touristischen Marketingplattform

Guardado en:
Detalles Bibliográficos
Autor principal: Michálková, Anna, 1968-
Formato: Libro
Lenguaje:alemán
Publicado: St. Gallen Hochschule St. Gallen 1992
Materias:
Etiquetas: Agregar Etiqueta
Sin Etiquetas, Sea el primero en etiquetar este registro!

MARC

LEADER 00000nam a2200000 4500
001 0128131
005 20240503075943.0
041 0 |a ger 
044 |a CH 
245 1 0 |a Umweltanalyse für eine Alpenregion als Grundlage der touristischen Marketingplattform  |c Michalkova Anna ... [et al.] 
264 1 |a St. Gallen  |b Hochschule St. Gallen  |c 1992 
300 |a 11 s. 
610 2 0 |a prostredie životné 
610 2 0 |a analýzy 
610 2 0 |a regióny 
610 2 0 |a turistika 
610 2 0 |a ruch cestovný 
610 2 0 |a marketing 
610 2 0 |a propagácia 
610 2 0 |a reklama 
610 2 0 |a rekreácia 
610 2 0 |a Švajčiarsko 
100 1 |a Michálková, Anna, 1968-